00953nam a2200229Ia 450000500170000000800410001702000180005804000560007604100080013224500950014024600740023526001410030930000180045049000280046865000310049665000370052765000170056465000140058170000370059570000380063271000530067020171002102534.0130821s2009 ck gr spa  a9789588337586 aCO-BoUCMbspacSandra Palacio (modificó)d[Nuevo]00aspa00aConflicto y región en ColombiacAdrián Serna Dimas y Diana Gómez Navas, compiladores14aCátedra democracia y ciudadaníabConflicto y región en Colombia aBogotá (Colombia)bUniversidad Distrital Francisco José de Caldas, Instituto para la Pedagogía, la Paz y el Conflicto Urbanoc2009 a266 páginas 0aCátedras y encuentros17aConflicto armadozColombia27aDesplazamiento forzadozColombia27aSociología27aViolencia1 aGómez Navas, Dianaecompilador1 aSerna Dimas, Adriánecompilador2 aUniversidad Distrital Francisco José de Caldas